000 00515nam a22001817a 4500
003 CEME
005 20210628203213.0
008 210122b xxu||||| |||| 00| 0 eng d
020 _a0-07-142531-4
040 _c.
082 _a363.61 WAT
100 _aMays, Larry W
_93525
245 _aWater supply systems security
260 _aNEW YORK
_bMCGRAW HILL
_c2004
300 _aXIII,245 P
650 _aWATER WORKS-SECURITY MEASURES. WATER SUPPLY- SECURITY MEASURES.TERRORISM PREVENTION
_963942
942 _cBK
_2ddc
999 _c572623
_d572623